|
|
|
|
| LEADER |
01309nam a2200325 a 4500 |
| 001 |
c000014363 |
| 003 |
CARM |
| 005 |
00000000000000.0 |
| 008 |
s1989 xra b s00000 eng d |
| 019 |
1 |
|
|a 6393359
|5 LACONCORD2021
|
| 020 |
|
|
|a 0730812642
|
| 035 |
|
|
|a (OCoLC)220712640
|5 LACONCORD2021
|
| 040 |
|
|
|a SIT
|c SIT
|
| 042 |
|
|
|a anuc
|
| 043 |
|
|
|a u-at-sa
|
| 245 |
0 |
4 |
|a The Flinders Ranges :
|b land use, planning & development bibliography.
|
| 250 |
|
|
|a 2nd ed.
|
| 260 |
|
|
|a Adelaide :
|b Dept. Environment & Planning,
|c [1989]
|
| 300 |
|
|
|a 6 p. ;
|c 30 cm.
|
| 490 |
1 |
|
|a Library bibliography / Dept. Environment & Planning ;
|v no. 3/89
|
| 500 |
|
|
|a Cover title.
|
| 500 |
|
|
|a Previous ed.: 1985.
|
| 650 |
|
0 |
|a Land use
|z South Australia
|z Flinders Ranges
|x Bibliography.
|
| 650 |
|
0 |
|a Wilderness areas
|z South Australia
|z Flinders Ranges
|x Bibliography.
|
| 710 |
1 |
0 |
|a South Australia.
|b Dept. of Environment and Planning
|
| 830 |
|
0 |
|a Library bibliography (South Australia. Dept. of Environment and Planning) ;
|v no. 3/89.
|
| 852 |
8 |
|
|b CARM
|h A2:AQ15C0
|i D04372
|p 0190271
|f BK
|
| 082 |
0 |
4 |
|a 333.784/0994237/0016
|2 20
|
| 999 |
f |
f |
|i a23d6cf8-6edf-58a2-80ba-e8f1cb2a8c66
|s cf649cbf-1e21-5da9-8ca8-90f2434fbd3c
|
| 952 |
f |
f |
|p Can circulate
|a CAVAL
|b CAVAL
|c CAVAL
|d CARM 1 Store
|e D04372
|f A2:AQ15C0
|h Other scheme
|i book
|m 0190271
|